LEADER 00996nam a2200253 i 4500 001 000000040994 003 CaOOAMICUS 005 20040827000000.0 008 040827s1989 it u000 u ita u 013 $a12164 040 $aSeMil$bita 100 1 $aDoni, Rodolfo,$d<1919-2011>.$0(OLS)http://semarc/name/8258 245 10$aAltare vuoto /$cRodolfo Doni. 260 $aFirenze :$bVallecchi,$ccopyr. 1989. 300 $a160 p. ;$c22 cm. 490 0 $aNarratori Vallecchi 500 $aContiene : un'intervista all'autore di Franco Zangrilli. - In occhietto : Dedica autografa dell'Autore. - Fondo Card. C.M. Martini. 830 0$aNarratori Vallecchi.$0(OLS)http://semarc/title/24378 850 $aSeMil 852 $aSeMil$W1$xVenegono$y1$m1C III 221$j269268$B7149$CSeMilBibl$Z2$F7149 $81 941 1 $a4 961 $aOmaggio: Martini Card. Carlo Maria 996 $6245$aAltare vuoto$9(OLS)http://semarc/title/59144 996 $6260$aFirenze :$bVallecchi$9(OLS)http://semarc/publisher/29768 LEADER 01215nam a2200265 i 4500 001 000000150408 003 CaOOAMICUS 005 20060522000000.0 008 060522s1981 it u000 u ita u 013 $a127746 040 $aSeMil$bita 100 1 $aVictor : Vitensis,$c.$0(OLS)http://semarc/name/53024 245 10$aStoria della persecuzione vandalica in Africa /$cVittore di Vita ; traduzione, introduzione e note a cura di Salvatore Costanza. 260 $aRoma :$bCittà Nuova,$ccopyr. 1981. 300 $a156 p. ;$c21 cm. 490 0 $aCollana di testi patristici ;$v29 650 4$aCristianesimo - Africa - Storia.$0(OLS)http://semarc/subject/14195 650 4$aPersecuzioni religiose.$0(OLS)http://semarc/subject/9086 700 1 $aCostanza, Salvatore.$0(OLS)http://semarc/name/59336 830 0$aCollana di testi patristici ;$v29.$0(OLS)http://semarc/title/2 850 $aSeMil 852 $aSeMil$W1$xVenegono$y1$m2U III 129$j102549$B102549$CSeMilBibl$Z2$F111358 $81 961 $aAcquisto: Città Nuova 996 $6245$aStoria della persecuzione vandalica in Africa$9(OLS)http://semarc/title/219950 996 $6260$aRoma :$bCittà Nuova$9(OLS)http://semarc/publisher/29609